| 000 | 00493nam a2200193Ia 4500 | ||
|---|---|---|---|
| 005 | 20240823045856.0 | ||
| 008 | 240823s9999||||xx |||||||||||||| ||und|| | ||
| 020 | _a978-81-8094-069-9 | ||
| 041 | _aENGLISH | ||
| 082 | _A808.066378 Q0 | ||
| 100 | _aGurumani N | ||
| 245 | 0 | _aScientific Thesis Writing and Paper Presentation | |
| 250 | _a1st | ||
| 260 |
_c2010 _b"MJP Publishers,Ch" _aChennai |
||
| 500 | _aYES | ||
| 650 |
_aPaper Presentation _bGeneral |
||
| 942 | _cBK | ||
| 999 |
_c215963 _d215963 |
||